000 01124nam0a22002651 4500
001 rc\3543189
005 20250610034101.0
021 _aRU
_b[70-36636ж]
035 _a(NLR Aleph) 007670892
090 _a6432855
_c6432855
100 _a20130115d1970 |||y0rusy50 ca
101 0 _arus
102 _aRU
105 _aa z |||||
200 1 _aВопросы обогащения руд хризотил-асбеста, цветных металлов и угля
_e[Сборник статей
_fОтв. ред. В.И. Мелких
210 _aСвердловск]
_cБ. и.
_d1970
215 _a98 с., 1 л. схем.
_cчерт.
_d26
225 1 _aМинистерство высшего и среднего специального образования РСФСР. Труды Свердловского горного института имени В.В. Вахрушева
_vВып. 67
606 _aОбогащение (горн.)
_jСборники
_2psbo
702 1 _aМелких
_bВ.И.
_4340
801 0 _aRU
_bNLR
_gpsbo
801 1 _aRU
_bELAR
_2rusmarc
852 _aNLR
_jП10/904
942 _cBOOK
980 _aNB